| 000 | 00614nam a22002057a 4500 | ||
|---|---|---|---|
| 003 | BD-DhJNU | ||
| 005 | 20250204085445.0 | ||
| 008 | 250204b |||||||| |||| 00| 0 eng d | ||
| 020 | _a9788131760925 | ||
| 040 |
_aBD-DhJNU _bENG _cBD-DhJNU _dBD-DhJNU |
||
| 082 |
_223 _a005.74 |
||
| 100 | _aSingh, Shio Kumar | ||
| 245 |
_aDatabase systems : _bconcepts, designs and application / _cShio Kumar Singh |
||
| 250 | _a2nd ed. | ||
| 260 |
_aDelhi : _bPearson, _c2011. |
||
| 300 |
_axxix, 912 p. : _bill. ; _c25 cm. |
||
| 504 | _aincludes bibliographical reference and index | ||
| 650 | _aDatabase | ||
| 942 |
_2ddc _cBK _n0 |
||
| 999 |
_c1239 _d1239 |
||